000 01513nam a22003857a 4500
001 000064793
003 CHAP
005 20220329141142.0
008 971010s1981 r 00010 d
010 _a63476
011 _a64448
035 _a69781
040 _cCHAP
082 0 4 _a631.8
_bV65
100 0 0 _aVolke Haller, Víctor.
_9120643
245 1 0 _aEstimación de funciones de producción mediante regresión en experimentos con fertilizantes y densidad de plantas con fines de determinación de óptimos económicos.
260 _aChapingo, Méx. :
_bColegio de Postgraduados. Centro de Edafología,
_c1981.
300 _a65 p.
590 _aBATCH-UPD
_b10
_c20130110
_lUCH01
_h1707
590 _aBATCH-UPD
_b10
_c20130410
_lUCH01
_h1054
590 _aBATCH-UPD
_b10
_c20130914
_lUCH01
_h1120
590 _aCONVERSION
_b10
_c20130109
_lUCH01
_h1334
590 _aE5995AHE
_b05
_c20150324
_lUCH01
_h1452
650 1 4 _aCultivos
_xModelos matemáticos.
_930297
650 1 4 _aFertilizantes
_xExperimentación.
_940565
650 1 4 _aPlantas
_xEspaciamiento.
_988835
901 _aBK
942 _cLIBRO
942 _n0
949 _a631.8 V65
_bBC
_cLIBRO
_d33724000172037
_eLIBRO
_fc.2
_h60281
_i69781
_si
949 _a631.8 V65
_bBC
_cLIBRO
_d33724000172441
_eLIBRO
_fc.3
_h60282
_i69781
_sb
949 _a631.8 V65
_bBC
_cLIBRO
_d33724000172458
_eLIBRO
_fc.4
_h60283
_i69781
_si
949 _a631.8 V65
_bBC
_cLIBRO
_d33724000766176
_eLIBRO
_h60280
_i69781
_si
949 _a631.8 V65
_bBC
_cUACH
_d-145751
_eUACH
_fc.5
_h60284
_i69781
_si
999 _c63476
_d63476